JCT 2005 (Record no. 104292)

MARC details
000 -LEADER
fixed length control field 01283cam a2200289 4500
001 - CONTROL NUMBER
control field ##L129835
008 - FIXED-LENGTH DATA ELEMENTS--GENERAL INFORMATION
fixed length control field 050527n2006 000 0 eng u
020 ## - INTERNATIONAL STANDARD BOOK NUMBER
International Standard Book Number 1842192310
035 ## - SYSTEM CONTROL NUMBER
System control number (Sirsi) u129835
041 0# - LANGUAGE CODE
Language code of text/sound track or separate title eng
050 04 - LIBRARY OF CONGRESS CALL NUMBER
Classification number 692.8 $2 18
100 1# - MAIN ENTRY--PERSONAL NAME
Personal name Davison, James
245 00 - TITLE STATEMENT
Title JCT 2005
Remainder of title what's new?
260 ## - PUBLICATION, DISTRIBUTION, ETC.
Place of publication, distribution, etc. London
Name of publisher, distributor, etc. RICS Business Services Ltd
Date of publication, distribution, etc. 2006
300 ## - PHYSICAL DESCRIPTION
Extent v, 327p.
Other physical details 30cm.
350 ## - PRICE (NR) (BK AM CF MU VM SE) [OBSOLETE]
Price 39.95
520 ## - SUMMARY, ETC.
Summary, etc. Provides an in-depth comparative analysis of the key JCT 05 contracts with the 1998 versions, considering both changes of style and layout, and those of substance and their practical implications. Looks in detail at standard building contract with quantities, design and build contract, intermediate building contract and minor works building contract.
590 ## - LOCAL NOTE (RLIN)
Local note IKA280306
650 24 - SUBJECT ADDED ENTRY--TOPICAL TERM
Topical term or geographic name entry element JCT STANDARD BUILDING CONTRACT WITH QUANTITIES (2005 EDITION)
650 24 - SUBJECT ADDED ENTRY--TOPICAL TERM
Topical term or geographic name entry element JCT DESIGN AND BUILD CONTRACT (2005 EDITION)
650 24 - SUBJECT ADDED ENTRY--TOPICAL TERM
Topical term or geographic name entry element JCT INTERMEDIATE BUILDING CONTRACT (2005 EDITION)
650 24 - SUBJECT ADDED ENTRY--TOPICAL TERM
Topical term or geographic name entry element JCT MINOR WORKS BUILDING CONTRACT (2005 EDITION)
651 #4 - SUBJECT ADDED ENTRY--GEOGRAPHIC NAME
Geographic name United Kingdom
Chronological subdivision
690 ## - LOCAL SUBJECT ADDED ENTRY--TOPICAL TERM (OCLC, RLIN)
Topical term or geographic name as entry element BUILT ENVIRONMENT-BUILDING CONTRACT FORMS-STANDARD FORMS OF BUILDING CONTRACT-JOINT CONTRACTS TRIBUNAL CONTRACTS
942 ## - ADDED ENTRY ELEMENTS (KOHA)
Suppress in OPAC 0
Holdings
Withdrawn status Lost status Source of classification or shelving scheme Damaged status Not for loan Home library Current library Shelving location Date acquired Total Checkouts Full call number Barcode Date last seen Copy number Price effective from Koha item type Date last checked out
    Dewey Decimal Classification     London London RICS Boxes 22/03/2006   F692.8 DAV 30072825 06/08/2019 1 06/08/2019 Reference material  
    Dewey Decimal Classification     London London RICS Boxes 22/03/2006   F692.8 DAV 30072826 06/08/2019 2 06/08/2019 Archive  
    Dewey Decimal Classification     London London Folio 22/03/2006 20 F692.8 DAV 30072827 06/08/2019 3 06/08/2019 Book 02/06/2009